000 00988nam a22003137a 4500
001 BR7904061
003 BR-BrBNA
005 20230928090029.0
007 ta
008 230509b bl.||||| |||| 00| 0 por d
040 _aBR-BrBNA
_bpor
_cBiblioteca Nacional de Agricultura
041 _a(Por)
072 _aL70; L73
_b5212
_b4110
_b/G514
090 _ 5212 BR7904061
100 1 _aCastro, D. de
110 1 _aUniversidade Federal de Minas Gerais, Belo Horizonte (Brasil). Escola de Veterinaria
_0Tese (Medicina Veterinaria Preventiva)
245 1 _aPrevalencia de bovinos reagentes a prova tuberculinica no municipio de Uberaba, Minas Gerais [Brasil]
260 3 _aBelo Horizonte, MG (Brasil):
_c1979.
300 _a43 p.
500 _a39 ref.; Summary (Por)
650 _aBovino
650 _aTuberculose
650 _aVacina
650 _aVeterinaria preventiva
650 _aUberaba
650 _aMinas Gerais
909 _a202309
_bLucia
_c55
_dLucia Elande
942 _cBK
999 _c27509
_d27509